| 000 | 00613nam a2200217 a 4500 | ||
|---|---|---|---|
| 001 | 3493 | ||
| 003 | CDMR | ||
| 005 | 20131115121801.0 | ||
| 008 | 130130s1993||||||||||||||||||||||||||||d | ||
| 020 | _a842397703X | ||
| 040 |
_aCDMR _bcat _cCDMR |
||
| 100 | 1 |
_aRico, Lolo _9764 |
|
| 245 | 1 | 0 |
_aTV, fábrica de mentiras _b: la manipulación de nuestros hijos _cLolo Rico |
| 250 | _a4a ed. | ||
| 260 |
_aMadrid _c1993 _bEspasa-Calpe |
||
| 300 |
_a214 p ; _c21 cm |
||
| 490 | 0 | _aEspasa - Hoy | |
| 650 | 0 | 4 |
_92508 _aTelevisió i infants |
| 650 | 0 | 4 |
_93243 _aMitjans de comunicació de massa _xManipulació |
| 942 |
_cMON _2udc |
||
| 999 |
_c3493 _d3493 |
||